000 00339 a2200157 4500
001 56600
020 _a8502023608
040 _cAnchieta - Pituba
100 _aAlbergaria, Lino de
240 1 0 _aDe Paris, com amor
_lpor
245 1 0 _aDe Paris, com amor
300 _a85
362 0 _a1999
650 4 _aLiteratura juvenil
942 _cBK
999 _c56600
_d56600